European Cities by a Single Clue #4 - Statistics

General Stats
  • This quiz has been taken 41 times
  • The average score is 13 of 20
Answer Stats
Hint Place % Correct
Capital of Switzerland Bern
100%
Completely enclosed by Rome Vatican
100%
The wall dividing this city fell in 1989 Berlin
97%
The two major football clubs from this city are also known as Real and Atletico Madrid
97%
Poland's principal seaport, formerly a "Free City" Gdansk
84%
Capital of North Macedonia Skopje
84%
Together with Vantaa and Espoo, it forms the largest metropolitan area of its country Helsinki
79%
Ukrainian coastal city on the shores of the Black Sea, the city centre was declared UNESCO world heritage in January 2023 Odessa
76%
Home of several car brands, such as Porsche and Mercedes Stuttgart
76%
The amusement park Liseberg is located in this Swedish city Gothenburg
63%
Capital of the smallest EU member Valletta
63%
The place where JK Rowling wrote the first novel of Harry Potter - it also inspired, for example, Diagon Alley Edinburgh
58%
European capital with the highest altitude Andorra la Vella
55%
The Palace of Minos is located to the southeast of this city Heraklion
50%
Besides Strasbourg, one of the tourist hubs in Alsace Colmar
45%
Ligurian city that hosts the most important music show of Italy each winter San Remo
42%
Home to the second biggest seaport in Europe; host of the 1920 Olympic games Antwerp
32%
Second biggest city of Slovakia Kosice
32%
The destination (and end) of the Way of St James Santiago de Compostela
29%
Often referred to as "Austria's most beautiful village", receives millions of tourists each year despite only having about 800 inhabitants Hallstatt
11%
No matching quizzes found
Score Distribution
Percent of People with Each Score
Percentile by Number Answered
Your Score History
You have not taken this quiz